000 00711nam a22002297a 4500
003 UA-OsUOA
001 54522
007 ta
008 20180314b un ||||| |||| 00| 0 ukr d
090 _a011
_bП12
942 _cBK
040 _aUA-OsUOA
_bukr
_cUA-OsUOA
_dUA-OsUOA
245 _aПавло Олександрович Кривонос: Бібліографічний покажчик
300 _a32 с.
955 _a1
041 _aukr
080 _a011
260 _aК.
_c2013
650 7 _a01 Бібліографія і бібліографії. Каталоги
_2UDC
999 _c434638
_d434638